Villa de Ujarrás: una propuesta desde la arqueología para analizar la dinámica socioeconómica en Costa Rica desde finales del siglo XVI hasta inicios del siglo XIX /
Se aborda el desarrollo económico de la región de Ujarrás desde el periodo de contacto entre indígenas y españoles hasta 1832. Esto se realiza por medio de la revisión del material arqueológico, información bibliográfica y documentos históricos. Los resultados se presentan en dos grandes apartados....
محفوظ في:
| المؤلف الرئيسي: | |
|---|---|
| مؤلفون آخرون: | |
| التنسيق: | أطروحة |
| اللغة: | Spanish |
| منشور في: |
Costa Rica :
sin editor
|
| الموضوعات: | |
| الوسوم: |
إضافة وسم
لا توجد وسوم, كن أول من يضع وسما على هذه التسجيلة!
|
MARC
| LEADER | 00000 a2200000 04500 | ||
|---|---|---|---|
| 001 | 45000 | ||
| 003 | cru CIDCACS/IIS | ||
| 005 | 20200925160924.0 | ||
| 008 | 050703s2011 cr spa d | ||
| 999 | |c 18107 |d 18107 | ||
| 040 | |c CRAI/IIS |a CRAI/IIS | ||
| 090 | |a 05.02.02 C198v | ||
| 100 | |a Campos Quesada, María Graciela | ||
| 245 | |a Villa de Ujarrás: |b una propuesta desde la arqueología para analizar la dinámica socioeconómica en Costa Rica desde finales del siglo XVI hasta inicios del siglo XIX / |c María Graciela Campos Quesada ; Danny Orozco Solano | ||
| 260 | |a Costa Rica : |b sin editor | ||
| 300 | |a 243 páginas : |b fotos, tablas, gráficos, mapas | ||
| 500 | |a También en Jornadas de Investigacion REV1668, n 6, 2010 | ||
| 502 | |a Tesis (licenciatura)--Universidad de Costa Rica, 2011 | ||
| 520 | |a Se aborda el desarrollo económico de la región de Ujarrás desde el periodo de contacto entre indígenas y españoles hasta 1832. Esto se realiza por medio de la revisión del material arqueológico, información bibliográfica y documentos históricos. Los resultados se presentan en dos grandes apartados. Uno caracterizado por el establecimiento del pueblo de indios, el cultivo de víveres y el inicio del cambio cultural. El segundo apartado analiza el aumento de la población mestiza, además de otros aspectos productivos. Para finalizar, se muestran las conclusiones, los alcances de la investigación y las recomendaciones para futuras investigaciones. | ||
| 650 | 1 | 0 | |9 5784 |a ARQUEOLOGIA |
| 650 | 0 | |9 1867 |a COLONIAS | |
| 650 | 1 | 0 | |9 2964 |a GRUPOS ETNICOS |
| 650 | 0 | |9 4725 |a INDIGENAS | |
| 700 | |a Orozco Solano, Danny | ||
| 942 | |2 ddc |c LI | ||
